Istituzione oratoria.

Saved in:
Bibliographic Details
Main Author: Quintiliano, Marco Fabio (autore)
Other Authors: Frilli, Orazio (prefazione, traduzione e note)
Format: Book
Language:English
Published: Bologna, Italia: Zanichelli, 1983-1993
Subjects:
Tags: Add Tag
No Tags, Be the first to tag this record!

MARC

LEADER 00000nam a22000007a 4500
003 CL-VaPUC
005 20220822114454.0
008 220607b19831993 ||||| |||| 00| 0 eng d
999 |c 435833  |d 435831 
040 |c Pontificia Universidad Católica de Valparaíso 
082 |a 875.01 QUI 1989 (Lb I-II) 
082 |2 875.01 QUI 1988 (Lb III-IV-V) 
082 |2 875.01 QUI 1987 (Lb VI-VII) 
082 |2 875.01 QUI 1983 (Lb VIII-IX) 
082 |2 875.01 QUI 1993 (Lb X-XI-XII) 
100 |a Quintiliano, Marco Fabio  |9 519213  |e autore 
245 |a Istituzione oratoria.  
260 |a Bologna, Italia:  |b Zanichelli,   |c 1983-1993 
300 |a 12 libros  
500 |a Libros I-XII c.1. Donación Familia Prof. Alejandro Guzmán Brito. 
505 |a Libri I-II. Libri III-IV-V. Libri VI-VII. Libri VIII-IX. Libri X-XI-XII 
583 |c 20220607  |k Cristina María Rojas Aguilar 
600 0 |a Quintiliano, Marco Fabio  |9 519213  |x Obras 
650 |a Retórica latina   |9 869576 
700 |a Frilli, Orazio  |e prefazione, traduzione e note  |9 870337 
942 |2 ddc  |c BK  |n 0 
952 |0 0  |1 0  |2 ddc  |4 0  |6 875_010000000000000_QUI_1989  |7 0  |8 C_AGB  |9 583486  |a BIBDER  |b BIBDER  |d 2022-06-07  |e Donación   |h Lb I-II  |i 5651615  |o 875.01 QUI 1989  |p 5651615  |r 2023-01-25  |t 1  |w 2022-06-07  |y BK_US  |k AGB 
952 |0 0  |1 0  |2 ddc  |4 0  |6 875_010000000000000_QUI_1988  |7 0  |8 C_AGB  |9 583487  |a BIBDER  |b BIBDER  |d 2022-06-07  |e Donación   |h Lb III-IV-V  |i 5651616  |o 875.01 QUI 1988  |p 5651616  |r 2023-01-25  |t 1  |w 2022-06-07  |y BK_US  |k AGB 
952 |0 0  |1 0  |2 ddc  |4 0  |6 875_010000000000000_QUI_1987  |7 0  |8 C_AGB  |9 583488  |a BIBDER  |b BIBDER  |d 2022-06-07  |e Donación   |h Lb VI-VII  |i 5651617  |o 875.01 QUI 1987  |p 5651617  |r 2023-01-25  |t 1  |w 2022-06-07  |y BK_US  |k AGB 
952 |0 0  |1 0  |2 ddc  |4 0  |6 875_010000000000000_QUI_1983  |7 0  |8 C_AGB  |9 583489  |a BIBDER  |b BIBDER  |d 2022-06-07  |e Donación   |h Lb VIII-IX  |i 5651618  |o 875.01 QUI 1983  |p 5651618  |r 2023-01-25  |t 1  |w 2022-06-07  |y BK_US  |k AGB 
952 |0 0  |1 0  |2 ddc  |4 0  |6 875_010000000000000_QUI_1983  |7 0  |8 C_AGB  |9 583490  |a BIBDER  |b BIBDER  |d 2022-06-07  |e Donación   |h Lb X-XI-XII  |i 5651619  |o 875.01 QUI 1983  |p 5651619  |r 2023-01-25  |t 1  |w 2022-06-07  |y BK_US  |k AGB